000 00487nam a2200181Ia 4500
008 240729s9999 xx 000 0 und d
022 _a1742-9153
245 0 _aJournal of Plant Interactions
260 _aUnited Kingdom
260 _bTaylor & Francis Group
650 _a Botany
650 _a Plant culture | Science
650 _a Plant ecology
650 _aAgriculture
856 _uhttps://doaj.org/toc/9fc0e83d938f408595532592678ff34a
942 _2ddc
942 _cDOAJEJ
999 _c69090
_d69090
945 _a1
_bMadushi Gamage
_c1
_dMadushi Gamage